| 000 | 00336nam a22001457a 4500 | ||
|---|---|---|---|
| 003 | macl | ||
| 005 | 20150609130545.0 | ||
| 008 | 150609b xxu||||| |||| 00| 0 eng d | ||
| 040 | _cmacl | ||
| 082 | _a020 | ||
| 245 | _aLibrary Quotations | ||
| 260 |
_aBangalore _bChethan Book _c2008 |
||
| 650 |
_aLibrary Scince _9151 |
||
| 942 |
_2ddc _cBK |
||
| 999 |
_c49797 _d49797 |
||